Księga apokryfóv /

Main Author: Čapek, Karel, 1890-1938
Other Authors: Gruszczyńska-Dębska, Helena, 1913-1988
Language: Polish
Published: Warszawa : Państwowy Instytut Wydawniczy, 1978
Edition: 2. wyd.
Series: Biblioteka klasyki Polskiej i Obcej
Physical Description: 161 s.
Book
Saved in:
LEADER 00905nam a2200265 a 4500
001 000595774
003 CZ BrMZK
005 20141212093111.0
007 ta
008 020418s1978 pl f pol d
040 |a BOA001  |b cze  |c BOA001 
041 1 |a pol  |h cze 
080 |a 885.0-34=84  |2 MRF 
100 1 |a Čapek, Karel,  |d 1890-1938  |7 jk01021023  |4 aut 
245 1 0 |a Księga apokryfóv /  |c Karel Čapek ; przełozila Helena Gruszczyńska-Debska 
250 |a 2. wyd. 
260 |a Warszawa :  |b Państwowy Instytut Wydawniczy,  |c 1978 
300 |a 161 s. 
490 1 |a Biblioteka klasyki Polskiej i Obcej 
700 1 |a Gruszczyńska-Dębska, Helena,  |d 1913-1988  |7 xx0090526  |4 trl 
765 0 |t Kniha apokryfů  |9 Polsky 
830 0 |a Biblioteka klasyki Polskiej i Obcej 
910 |a BOA001  |b 1-0803.856 
990 |a BK 
996 7 |b 2619373580  |c 1-0803.856  |l MZK  |r Sklad / do 1 hodiny  |n 1  |w 000595774  |u 000010  |a 1  |e BOA001  |j MZK50  |s A